Tourist Attractions in Australia by Images - Statistics

General Stats
  • This quiz has been taken 24 times
  • The average score is 6 of 16
Answer Stats
Picture Answer % Correct
Uluru
100%
Great Barrier Reef
95%
Sydney Opera House
95%
Bondi Beach
85%
Harbour Bridge
65%
Blue Mountains
55%
Cradle Mountain
30%
Byron Bay
25%
Jenolan Caves
15%
Kakadu National Park
15%
Darling Harbour
10%
Tasmania
10%
Coober Pedy
5%
Kangaroo Island
5%
Coffs Harbour
0%
Nambung National Park
0%
No matching quizzes found
Score Distribution
Percent of People with Each Score
Percentile by Number Answered
Your Score History
You have not taken this quiz